[Event "ROM-chT2"]
[Site "Gilau"]
[Date "2018.10.15"]
[Round "9.5"]
[White "Porumb, Alecu"]
[Black "Helmer, Janos"]
[Result "1/2-1/2"]
[WhiteElo "1528"]
[BlackElo "2049"]
[PlyCount "71"]
[EventDate "2018.10.07"]
[EventType "team-swiss"]
[EventRounds "9"]
[EventCountry "ROU"]
[SourceTitle "CBM 189 Extra"]
[Source "ChessBase"]
[SourceDate "2019.06.03"]
[SourceVersion "1"]
[SourceVersionDate "2019.06.03"]
[SourceQuality "1"]
[WhiteTeam "Targoviste"]
[BlackTeam "Cluj Napoca"]
[WhiteTeamCountry "ROU"]
[BlackTeamCountry "ROU"]

1. Nf3 Nf6 2. g3 b6 3. Bg2 Bb7 4. c4 c5 5. Nc3 g6 6. 0-0 Bg7 7. Re1 d6 8. d4 cxd4 9. Nxd4 Bxg2 10. Kxg2 0-0 11. e4 Qd7 12. h3 Nc6 13. Nxc6 Qxc6 14. Qd3 Nd7 15. Nd5 Rae8 16. f4 Nc5 17. Qe2 e6 18. Nb4 Qa8 19. Kh2 f5 20. exf5 exf5 21. Qf1 Rxe1 22. Qxe1 Re8 23. Qf1 Qe4 24. a4 a5 25. Nd5 Qc2+ 26. Kh1 Nd3 27. Ne3 Rxe3 28. Bxe3 Qxc4 29. Rd1 Nxb2 30. Qxc4+ Nxc4 31. Bc1 Kf7 32. Kg2 Ke6 33. Kf3 d5 34. g4 d4 35. Re1+ Kf7 36. Ke2 1/2-1/2